00572 am a2200169 a 450000500170000000800410001702000150005804100080007310000180008124500750009925000110017426000440018530000110022950001160024065300170035665300290037320240222135400.0100701s1997||||ag # f |||| 001 0 spa d a9508920386 aspa1 aTesta, Mario. aSaber en salud. bLa construcción del conocimiento / cMario Testa. a1a ed. aBuenos Aires: bLugar Editorial;c1997. a238 p. aTesta, M. (1997). Saber en salud. La construcción del conocimiento. (1a ed.). Buenos Aires : Lugar Editorial. aSociología aComportamientos sociales